| 000 | 01437nam a2200397 i 4500 | ||
|---|---|---|---|
| 001 | 25503 | ||
| 003 | KOSZ 005 | ||
| 005 | 20210310085001.0 | ||
| 008 | 070726s1971 pl a f f 000 0 pol | ||
| 015 | _aPB 1972/1242 | ||
| 040 |
_aWA N _cWA N _dKOSZ 005/RW |
||
| 041 | 1 |
_apol _hrus |
|
| 046 | _k1971 | ||
| 080 | _a531 | ||
| 100 | 1 |
_aNejmark, Ûrij Isaakovič. _eAutor |
|
| 245 | 1 | 0 |
_aDynamika układów nieholonomicznych / _cJ. I. Nejmark, N. A. Fufajew ; tłumaczenie Bogusław Radziszewski. |
| 246 | 1 |
_iTytuł oryginału: _aDinamika negolomnyh sistem. |
|
| 260 |
_a[Warszawa] : _bPaństwowe Wydawnictwo Naukowe, _c1971. |
||
| 300 |
_a483, [1] strony : _bilustracje, errata ; _c25 cm. |
||
| 336 |
_aTekst _btxt _2rdacontent |
||
| 337 |
_aBez urządzenia pośredniczącego _bn _2rdamedia |
||
| 338 |
_aWolumin _bnc _2rdacarrier |
||
| 380 | _aKsiążki | ||
| 380 | _aPublikacje naukowe | ||
| 504 | _aBibliografia na stronach [463]-483. | ||
| 658 | _aFizyka i astronomia | ||
| 658 | _aInżynieria i technika | ||
| 650 | 4 | _aDynamika | |
| 650 | 4 | _aKinematyka | |
| 650 | 4 | _aUkład nieholonomiczny | |
| 700 | 1 |
_aFufaev, Nikolaj Alekseevič. _eAuto |
|
| 700 | 1 |
_aRadziszewski, Bogusław _eTłumaczenie |
|
| 710 | 2 |
_aPaństwowe Wydawnictwo Naukowe _4pbl. |
|
| 856 |
_uhttp://koha.tu.koszalin.pl/cgi-bin/koha/opac-detail.pl?biblionumber=25503 _yKatalog online BPK |
||
| 942 |
_2UKD _cKS |
||
| 999 |
_c25503 _d25503 |
||